000 00612nam a22002297a 4500
005 20250218142044.0
010 _aENG-143845
020 _c950.00
_a9789354428579
035 _aEN-127377
037 _bDBAD
082 _aN
100 _aMahanta Banibrata
_977812
245 _aLavanyadevi/
_cBanibrata Mahanta
_bKusum Khemani
260 _aTelanagan
_bOrient Blackswan Private Limited
_c2024
270 _a3-6-752 Himayatnagar , Hyderabad
_bTelengana
_e500029
300 _a247pg.
_c21cm(pb)
700 _961951
700 _961952
700 _961953
700 _961954
942 _2ddc
_cEN
_mMAH
_hN
999 _c209230
_d209230